Sudden Death - Group of 5 FBS Teams - Statistics

General Stats
  • This quiz has been taken 14 times
    13 since last reset
  • The average score is 10 of 16
Answers on the Grid
Answers color-coded by a green-red scale on the quiz's grid according to % correct below.
Mississippi State
Missouri
Memphis
USC
James Madison
UTEP
Texas Tech
TCU
Louisville
Sam Houston
Jacksonville State
Michigan State
Texas State
NC State
Tulsa
Western Michigan
Louisiana
Utah
Eastern Michigan
UNLV
Troy
Fresno State
Nebraska
UTSA
Old Dominion
West Virginia
Boston College
Georgia Tech
Kansas State
Illinois
Colorado
UAB
 
Answer Stats
Answer % Correct
UTEP
88%
Jacksonville State
75%
James Madison
75%
Memphis
75%
Sam Houston
75%
Tulsa
75%
Eastern Michigan
63%
Fresno State
63%
Texas State
63%
Troy
63%
Western Michigan
63%
Louisiana
50%
Old Dominion
50%
UAB
50%
UNLV
50%
UTSA
50%
No matching quizzes found
Score Distribution
Percent of People with Each Score
Percentile by Number Answered
Your Score History
You have not taken this quiz since the last reset